Online
Catalog

Semiótica aplicada / (Record no. 11536)

MARC details
000 -CABECERA
campo de control de longitud fija 01031nam a2200265 a 4500
001 - NÚMERO DE CONTROL
campo de control 000011862
005 - FECHA Y HORA DE LA ÚLTIMA TRANSACCIÓN
campo de control 20200929162609.0
008 - DATOS DE LONGITUD FIJA--INFORMACIÓN GENERAL
campo de control de longitud fija 091028s1978 ag ad 001 0 spa d
040 ## - FUENTE DE LA CATALOGACIÓN
Centro catalogador/agencia de origen DO-SdBNP
Lengua de catalogación spa
Centro/agencia transcriptor BNPHU
041 17 - CÓDIGO DE LENGUA
Código de lengua del texto/banda sonora o título independiente spa
Código de lengua original eng
Fuente del código Código de idioma MARC
082 ## - NÚMERO DE LA CLASIFICACIÓN DECIMAL DEWEY
Número de clasificación 149.94
Número de documento/Ítem S471a
049 ## - FONDOS LOCALES (OCLC)
Fondos de biblioteca BNGR
100 1# - ENTRADA PRINCIPAL--NOMBRE DE PERSONA
Nombre de persona Sebeok, Thomas A., et al.
9 (RLIN) 28034
240 10 - TÍTULO UNIFORME
Título uniforme Approaches to semiotics
Lenguaje de la obra español
245 10 - MENCIÓN DE TÍTULO
Título Semiótica aplicada /
Mención de responsabilidad, etc. compiladores, Thomas A. Sebeok, Alfred Hayes, Mary C. Bateson ; traducción, María Cristina Davolio.
260 ## - PUBLICACIÓN, DISTRIBUCIÓN, ETC.
Lugar de publicación, distribución, etc. Buenos Aires :
Nombre del editor, distribuidor, etc. Nueva Visión,
Fecha de publicación, distribución, etc. 1978.
300 ## - DESCRIPCIÓN FÍSICA
Extensión 384 p. :
Otras características físicas il., tablas ;
Dimensiones 23 cm.
534 ## - NOTA SOBRE LA VERSIÓN ORIGINAL
Frase introductoria Título original en inglés:
Mención de título del original Approaches to semiotics
Publicación, distribución, etc. del original La Haya: Mouton & Co., 1964
650 #4 - PUNTO DE ACCESO ADICIONAL DE MATERIA--TÉRMINO DE MATERIA
Término de materia o nombre geográfico como elemento de entrada Semántica (filosofía)
9 (RLIN) 27878
650 #4 - PUNTO DE ACCESO ADICIONAL DE MATERIA--TÉRMINO DE MATERIA
Término de materia o nombre geográfico como elemento de entrada Semiología (lingüística)
9 (RLIN) 28035
700 1# - PUNTO DE ACCESO ADICIONAL--NOMBRE DE PERSONA
Nombre de persona Sebeok, Thomas A.,
Término indicativo de función/relación comp.
9 (RLIN) 28036
700 1# - PUNTO DE ACCESO ADICIONAL--NOMBRE DE PERSONA
Nombre de persona Hayes, Alfred,
Término indicativo de función/relación comp.
9 (RLIN) 28037
700 1# - PUNTO DE ACCESO ADICIONAL--NOMBRE DE PERSONA
Nombre de persona Bateson, Mary C.,
Término indicativo de función/relación comp.
9 (RLIN) 28038
700 1# - PUNTO DE ACCESO ADICIONAL--NOMBRE DE PERSONA
Nombre de persona Davolio, María Cristina,
Término indicativo de función/relación tr.
9 (RLIN) 28039
Holdings
Estado de retiro Estado de pérdida Restricciones de uso No para préstamo Código de colección Localización permanente Ubicación/localización actual Ubicación en estantería Fecha de adquisición Número de inventario Total de préstamos Signatura topográfica completa Código de barras Fecha visto por última vez Precio válido a partir de Tipo de ítem Koha
    Préstamo interno   Monografías: Libros y Folletos General General En catalogación 28.10.2009 LF1   149.94 S471a 11862-10 25.06.2020 25.06.2020 Préstamo interno

Powered by Koha